Normal view
MARC view
Entry Personal Name
001 - CONTROL NUMBER
- control field: 71476
003 - CONTROL NUMBER IDENTIFIER
- control field: dpl
005 - DATE AND TIME OF LATEST TRANSACTION
- control field: 20240911124458.0
008 - FIXED-LENGTH DATA ELEMENTS
- fixed length control field: 240911|| aca||aabn | a|a d
040 ## - CATALOGING SOURCE
- Original cataloging agency: dpl
- Transcribing agency: dpl
100 ## - HEADING--PERSONAL NAME
- Dates associated with a name: Arnab Ray
670 ## - SOURCE DATA FOUND
- Source citation: Work cat.: (dpl)204020: Ray, Arnab 71475, The Mine/, 2024
